[Event "Challenge"]
[Site "http://www.queenalice.com/game.php?id=106592"]
[Date "2006.9.16"]
[Round "-"]
[White "darkangel1306"]
[Black "fabio_colegiao"]
[Result "1-0"]
[WhiteElo "1030"]
[BlackElo "1183"]

1. e4 c6 2. Nc3 d5 3. a4 dxe4 4. Nxe4 e5 5. g3 Bf5 6. f3 Nf6 7. g4 Bxe4 8. fxe4
Nxe4 9. c3 Qh4+ 10. Ke2 Qf2+ 11. Kd3 1-0

[Event "Challenge"]
[Site "http://www.queenalice.com/game.php?id=107077"]
[Date "2006.9.17"]
[Round "-"]
[White "gishnob"]
[Black "darkangel1306"]
[Result "1-0"]
[WhiteElo "1118"]
[BlackElo "1076"]

1. e4 e5 2. Bc4 Nf6 3. Nf3 c6 4. Nxe5 d6 5. Nxf7 Kd7 6. Nxd8 Kxd8 7. Nc3 b5 8.
Bf7 d5 9. d3 h5 10. O-O Bg4 11. f3 a6 12. h3 Be6 13. Bg5 b4 14. Na4 Rh7 15. Nb6
Ra7 16. Bxe6 Rb7 17. Bxf6+ gxf6 18. exd5 cxd5 19. Bxd5 Rbd7 20. Be6 Rh6 21. Nxd7
Ke7 22. Qe1 Ke8 23. Bf5+ Kf7 24. Qh4 Bc5+ 25. Rf2 Bd6 26. Re1 a5 27. Re6 Kg8 28.
Rxf6 Kg7 29. Rxh6 Kxh6 30. Qf6# 1-0

[Event "AUTO-BEG-28"]
[Site "http://www.queenalice.com/game.php?id=107272"]
[Date "2006.9.18"]
[Round "1"]
[White "joubert27"]
[Black "darkangel1306"]
[Result "1-0"]
[WhiteElo "1258"]
[BlackElo "1058"]

1. e4 e5 2. Nc3 Nc6 3. d3 Bc5 4. Nh3 Nf6 5. Bg5 O-O 6. Bxf6 gxf6 7. Be2 Rb8 8.
Bh5 Qe7 9. Nd5 Qd8 10. f4 Bb4+ 11. Nxb4 Nxb4 12. fxe5 fxe5 13. Rf1 d5 14. exd5
Nxd5 15. Qg4+ Kh8 16. Qg3 Qe7 17. Rd1 Be6 18. Rd2 Rg8 19. Qf3 Rbf8 20. Rdf2 Qe8
21. g4 Bd7 22. Qxd5 c6 23. Qa5 Be6 24. Qxe5+ f6 25. Rxf6 b5 26. Rxf8# 1-0

[Event "AUTO-BEG-28"]
[Site "http://www.queenalice.com/game.php?id=107273"]
[Date "2006.9.18"]
[Round "1"]
[White "darkangel1306"]
[Black "joubert27"]
[Result "1-0"]
[WhiteElo "1002"]
[BlackElo "1190"]

1. e4 e6 2. Nc3 d5 3. Bd3 dxe4 4. Nxe4 Nf6 5. Nc5 Bxc5 6. Ne2 Nd5 7. O-O Qf6 8.
Qe1 e5 9. Bc4 Nb6 10. Bb3 e4 11. d3 Bg4 12. Nc3 O-O 13. dxe4 Qh6 14. h3 Be6 15.
Ba4 Nc4 16. Bxh6 gxh6 17. Rd1 Nxb2 18. Rd5 Bxd5 19. Qd2 Bxa2 20. Ra1 Nc4 21.
Qxh6 Nc6 22. Qf4 Rad8 23. Rxa2 Nd4 24. Qxc7 Ne2+ 25. Kh2 Rc8 26. Qd7 Bd6+ 27.
Kh1 Rcd8 28. Qg4+ Kh8 29. Qxe2 Rc8 30. Qf1 Nd2 31. Qe2 1-0

[Event "AUTO-BEG-28"]
[Site "http://www.queenalice.com/game.php?id=107284"]
[Date "2006.9.18"]
[Round "1"]
[White "marcosbratz"]
[Black "darkangel1306"]
[Result "1-0"]
[WhiteElo "1344"]
[BlackElo "1031"]

1. e4 e5 2. Nf3 Nc6 3. d4 Nf6 4. Nc3 Bd6 5. dxe5 Nh5 6. Bb5 a6 7. Ba4 b5 8. Bb3
O-O 9. Nd5 f6 10. Nb6+ Kh8 11. Nxa8 Bb7 12. exd6 cxd6 13. Be3 Bxa8 14. Bd5 Re8
15. a3 Re7 16. Ng5 h6 17. Nf7+ Rxf7 18. Bxf7 Qe7 19. Bxh5 Qd8 20. Qd2 Qf8 21.
O-O-O Ne7 22. Qxd6 Qe8 23. Bxe8 Kg8 24. Qxe7 Kh7 25. Qf7 Bxe4 26. Rxd7 Bf5 27.
Qxg7# 1-0

[Event "AUTO-BEG-28"]
[Site "http://www.queenalice.com/game.php?id=107285"]
[Date "2006.9.18"]
[Round "1"]
[White "darkangel1306"]
[Black "marcosbratz"]
[Result "0-1"]
[WhiteElo "1098"]
[BlackElo "1301"]

1. e4 e5 2. Nc3 Nf6 3. d3 Bb4 4. Nf3 Nc6 5. Be2 O-O 6. a3 Ba5 7. O-O d5 8. b4
Bb6 9. Rb1 d4 10. Na2 Be6 11. c3 Bxa2 12. Rb2 Be6 13. Rd2 dxc3 14. Re1 cxd2 15.
Qxd2 Nd4 16. Qd1 Bb3 17. Qd2 Nxe2+ 18. Qxe2 h6 19. Qe3 Bxe3 20. fxe3 Qxd3 21. h4
Qxe4 22. Nh2 Bd5 23. Nf1 Qxg2# 0-1

[Event "AUTO-BEG-28"]
[Site "http://www.queenalice.com/game.php?id=107292"]
[Date "2006.9.18"]
[Round "1"]
[White "darkangel1306"]
[Black "toetapping"]
[Result "0-1"]
[WhiteElo "1138"]
[BlackElo "1219"]

1. e4 e5 2. Nf3 d6 3. d4 Nf6 4. Bd3 a6 5. O-O h5 6. Bg5 Qd7 7. Nc3 Nh7 8. Rc1 f6
9. Bh4 g5 10. Bg3 h4 11. Nxh4 gxh4 12. Bxh4 exd4 13. Ne2 f5 14. exf5 Rg8 15. c3
Qg7 16. cxd4 Qxg2# 0-1

[Event "AUTO-BEG-28"]
[Site "http://www.queenalice.com/game.php?id=107293"]
[Date "2006.9.18"]
[Round "1"]
[White "toetapping"]
[Black "darkangel1306"]
[Result "1-0"]
[WhiteElo "1232"]
[BlackElo "1044"]

1. d4 d5 2. h4 Nc6 3. f3 Nxd4 4. c3 Nc6 5. a4 a6 6. b4 Nf6 7. Qb3 e6 8. Na3 Bd6
9. Nc2 O-O 10. h5 g6 11. hxg6 fxg6 12. c4 b5 13. c5 Be7 14. g4 Rb8 15. g5 Nh5
16. e4 Qe8 17. exd5 Rf6 18. axb5 axb5 19. gxf6 Bd8 20. dxc6 Bxf6 21. Na3 Bxa1
22. Bxb5 Bb7 23. cxb7 Rxb7 24. Bxe8 Ng7 25. Bc6 Rb8 26. Nc2 Re8 27. Nxa1 Kh8 28.
Bxe8 Nxe8 29. Qxe6 1-0

[Event "Let's Play Chess!"]
[Site "http://www.queenalice.com/game.php?id=107297"]
[Date "2006.9.18"]
[Round "-"]
[White "darkangel1306"]
[Black "Harir"]
[Result "0-1"]
[WhiteElo "1021"]
[BlackElo "1956"]

1. e4 e5 2. Nf3 Nc6 3. Nc3 Bc5 4. a3 Nf6 5. Bc4 O-O 6. O-O d6 7. b3 Na5 8. Bd3
Bb6 9. Rb1 Bg4 10. h3 Bh5 11. Qe2 Nc6 12. g4 Bg6 13. Bb2 Nd4 14. Qe1 Nxf3+ 15.
Kh1 Nxe1 16. Rfxe1 Bxf2 17. Re2 Nxg4 18. hxg4 Qh4+ 19. Kg2 Qg3+ 0-1

[Event "Come play with me..."]
[Site "http://www.queenalice.com/game.php?id=108024"]
[Date "2006.9.20"]
[Round "-"]
[White "darkangel1306"]
[Black "udo"]
[Result "0-1"]
[WhiteElo "1040"]
[BlackElo "1329"]

1. e4 e5 2. Bc4 Nc6 3. Qf3 Nf6 4. Nc3 Bc5 5. Qe2 d6 6. d3 Bg4 7. Qf1 Nd4 8. Bd2
Be2 9. Qxe2 Nxe2 10. Kxe2 Ng4 11. f3 Nf2 12. Nh3 Nxh1 13. Rxh1 h6 14. Be1 g5 15.
Nf2 h5 16. Rg1 g4 17. f4 exf4 18. g3 f3+ 19. Kf1 h4 20. gxh4 Qxh4 21. Nxg4 Qh3+
22. Rg2 Qxg2# 0-1

[Event "Let's Play Chess!"]
[Site "http://www.queenalice.com/game.php?id=109703"]
[Date "2006.9.25"]
[Round "-"]
[White "darkangel1306"]
[Black "hugo10"]
[Result "0-1"]
[WhiteElo "1064"]
[BlackElo "1346"]

1. e4 e5 2. Bc4 Nf6 3. Nf3 Nc6 4. d3 Nb4 5. O-O a6 6. Nxe5 b5 7. Bb3 Bb7 8. Bf4
Nxe4 9. dxe4 g5 10. Be3 Bxe4 11. f3 Bb7 12. Bd2 Qf6 13. Ng4 Qxb2 14. Bc1 Qxa1
15. Qe1+ Be7 16. Rf2 O-O 17. Be3 h5 18. c3 Nd3 19. Qe2 Qxb1+ 20. Rf1 Qb2 21.
Qxd3 hxg4 22. fxg4 Bxg2 23. Bd5 Bxf1 24. Kxf1 Rab8 25. Qd2 Qa1+ 26. Ke2 c6 27.
Bb3 d5 28. Ba7 Rbe8 29. h3 Bf6+ 30. Be3 Bxc3 31. Qd3 Qb2+ 32. Kf3 a5 33. Bxg5
Re6 34. Qd2 Bxd2 35. Bxd2 Qxd2 36. Kg3 a4 0-1

[Event "Challenge"]
[Site "http://www.queenalice.com/game.php?id=110470"]
[Date "2006.9.27"]
[Round "-"]
[White "darkangel1306"]
[Black "Pampuche"]
[Result "0-1"]
[WhiteElo "1047"]
[BlackElo "922"]

1. e4 e5 2. Bc4 Nf6 3. Nf3 Nxe4 4. d3 Nc5 5. d4 Ne4 6. Bd3 Bb4+ 7. c3 exd4 8.
cxb4 d5 9. Bc2 Bg4 10. h3 Bd7 11. Qxd4 Nf6 12. Qd2 Ne4 13. Qd1 c6 14. O-O g5 15.
Nbd2 g4 16. Bb3 gxf3 17. Nxf3 h5 18. Bg5 Qb6 19. Rc1 Rg8 20. Re1 Kf8 21. Re2
Rxg5 22. Nxg5 Nxg5 23. Re4 dxe4 24. Qf1 f5 25. Re1 f4 26. g3 fxg3 27. Qg2 Bf5
28. Re3 Bxh3 29. Qxh3 Nxh3+ 30. Kf1 Nd7 31. Rf3+ exf3 0-1

[Event "Dani"]
[Site "http://www.queenalice.com/game.php?id=113052"]
[Date "2006.10.4"]
[Round "-"]
[White "dany"]
[Black "darkangel1306"]
[Result "1-0"]
[WhiteElo "1151"]
[BlackElo "1013"]

1. e4 e5 2. Nf3 Nc6 3. Bc4 Bc5 4. Nc3 Nge7 5. d3 O-O 6. O-O d6 7. Re1 Ng6 8. Bg5
Qe8 9. h3 h6 10. Bh4 Rb8 11. a3 1-0